<?xml version="1.0" encoding="UTF-8"?>
<record
    xmlns:xsi="http://www.w3.org/2001/XMLSchema-instance"
    xsi:schemaLocation="http://www.loc.gov/MARC21/slim http://www.loc.gov/standards/marcxml/schema/MARC21slim.xsd"
    xmlns="http://www.loc.gov/MARC21/slim">

  <leader>00659nam  22002053  4500</leader>
  <controlfield tag="001">202831</controlfield>
  <datafield tag="021" ind1=" " ind2=" ">
    <subfield code="a">PT</subfield>
    <subfield code="b">90842/95</subfield>
  </datafield>
  <datafield tag="090" ind1=" " ind2=" ">
    <subfield code="a">202831</subfield>
  </datafield>
  <datafield tag="100" ind1=" " ind2=" ">
    <subfield code="a">20260701d        u||y0pory50      ba</subfield>
  </datafield>
  <datafield tag="200" ind1=" " ind2=" ">
    <subfield code="a">Extens&#xE3;o cultural e publica&#xE7;&#xF5;es</subfield>
    <subfield code="e">informa&#xE7;&#xE3;o</subfield>
    <subfield code="f">Universidade dos A&#xE7;ores</subfield>
  </datafield>
  <datafield tag="210" ind1=" " ind2=" ">
    <subfield code="a">Ponta Delgada </subfield>
    <subfield code="c">U.A.</subfield>
    <subfield code="d">1995</subfield>
  </datafield>
  <datafield tag="215" ind1=" " ind2=" ">
    <subfield code="a">157, [3] p.</subfield>
    <subfield code="c">brochado</subfield>
    <subfield code="d">24 cm</subfield>
  </datafield>
  <datafield tag="300" ind1=" " ind2=" ">
    <subfield code="a">Cont&#xE9;m nota do Prof. Dr. Almeida Faria na folha de guarda</subfield>
  </datafield>
  <datafield tag="606" ind1=" " ind2=" ">
    <subfield code="9">1098</subfield>
    <subfield code="a">Educa&#xE7;&#xE3;o</subfield>
    <subfield code="x">Ensino</subfield>
  </datafield>
  <datafield tag="610" ind1=" " ind2=" ">
    <subfield code="a">Universidade </subfield>
  </datafield>
  <datafield tag="675" ind1=" " ind2=" ">
    <subfield code="a">378.4(469.9)(05)</subfield>
    <subfield code="v">PT</subfield>
    <subfield code="z">por</subfield>
  </datafield>
  <datafield tag="710" ind1=" " ind2=" ">
    <subfield code="9">17681</subfield>
    <subfield code="a">Universidade dos A&#xE7;ores</subfield>
  </datafield>
  <datafield tag="801" ind1=" " ind2=" ">
    <subfield code="a">PT</subfield>
    <subfield code="b">BMMN</subfield>
    <subfield code="g">RPC</subfield>
  </datafield>
  <datafield tag="830" ind1=" " ind2=" ">
    <subfield code="c">Ana Falardo</subfield>
    <subfield code="f">Ana Falardo</subfield>
  </datafield>
  <datafield tag="990" ind1=" " ind2=" ">
    <subfield code="c">LIVROS</subfield>
  </datafield>
  <datafield tag="995" ind1=" " ind2=" ">
    <subfield code="0">0</subfield>
    <subfield code="2">0</subfield>
    <subfield code="5">2026-07-01</subfield>
    <subfield code="9">32641</subfield>
    <subfield code="b">BMMN</subfield>
    <subfield code="f">32352</subfield>
    <subfield code="k">378.4 INF|SAF</subfield>
    <subfield code="o">0</subfield>
    <subfield code="r">LIVROS</subfield>
    <subfield code="u">Acesso Condicionado</subfield>
    <subfield code="s">Oferta</subfield>
  </datafield>
</record>
